000 00797nam a2200217Ia 4500
999 _c40205
_d40205
001 6812
003 GE_BSU
005 20200121151739.0
008 181216s1961||||ge |||||||||||||| ||geo||
040 _cGE_BSU
041 _ageo
080 _a821.353.1-32 გ-61
100 _aგოგოლაძე, თენგიზ.
_96273
245 _aფუძე :
_bმოთხრობები /
_cთენგიზ გოგოლაძე ; რედ. მ. ფოცხიშვილი.
264 _aთბილისი :
_bსაბჭ.მწერალი,
_c1961.
300 _a212 გვ. ;
_c17 სმ.
653 _aმოთხრობები
653 _aფუძე
700 _aფოცხიშვილი, მ.
_eრედაქტორი
_93782
942 _cBK
_2udc